000 01032cam a2200265 4500
001 29156
003 BD-RjUL
005 20211209051359.0
008 140401m1971 enka b 001 0 eng d
020 _a0125870507 (v. 1)
035 _a(BD-RjUL) 29241
040 _aDLC
_cDLC
_dBD-RjUL
_beng
041 _aeng
082 0 0 _a591.188
_bMET 1971
245 0 0 _aMethods in psychobiology : Laboratory techniques in neuropsychology and neurobiology /
_cedited by R. D. Myers.
_nVolume I
260 _aLondon ;
_aNew York :
_bAcademic Press,
_c1971.
300 _axi, 356 p. :
_bill..;
_c24 cm.
504 _aIncludes bibliographies and index.
505 1 _av. 1. Laboratory techniques in neuropsychology and neurobiology.--v. 2. Specialized laboratory techniques in neuropsychology and neurobiology.--v. 3 Advanced laboratory techniques in neuropsychology and neurobiology.
650 0 _aPsychobiology
_xTechnique.
_988236
700 1 _aMyers, R. D.,
_eed.
_988237
942 _2ddc
_cBK
999 _c29156
_d29156